000 02376nam0a2200373 4500
001 RU\NLR\bibl\1398532
005 20260405103414.0
010 _a978-5-8265-0741-4
_9100
021 _aRU
_b2009-43810
_92660
035 _a(nilc)RSL-KNO-004335664
035 _a(NLR Aleph) 001390548
090 _a1159339
_c1159339
100 _a20090529d2008 |||y0rusy50 ca
101 0 _arus
102 _aRU
105 _aa |||||||||
200 1 _aТопливо, смазочные материалы и технические жидкости
_eучебное пособие для студентов специальностей 110301 и 110304
_fВ.В. Остриков, С.А. Нагорнов, О.А. Клейменов [и др.]
_gМ-во образования и науки Рос. Федерации, ГОУ ВПО "Тамб. гос. техн. ун-т"
210 _aТамбов
_cИзд-во ТГТУ
_d2008
215 _a302, [1] с.
_cил., табл.
_d20
320 _aБиблиогр.: с. 300-301 (23 назв. )
606 1 _aСельскохозяйственные машины и орудия
_jУчебные издания для высших учебных заведений
_xТопливно-смазочные материалы
_91373215
_3RU\NLR\auth\66575523
610 2 _aСельское и лесное хозяйство. Сельскохозяйственные и лесохозяйственные науки -- Механизация и электрификация сельского хозяйства. Авиация в сельском хозяйстве -- Тракторы, сельскохозяйственные машины и орудия -- Эксплуатационные материалы -- Учебник для высшей школы
686 _aП072-96я73-1
_2rubbk
686 _aП072-082-320.7я73
701 1 _aОстриков
_bВ. В.
_gВладимир Васильевич
_4070
701 1 _4070
_8rus
_7ca
_aНагорнов
_bС. А.
_gСтанислав Александрович
_3RU\NLR\auth\7739053
_922037
701 1 _aКлейменов
_bО. А.
_gОЛег Александрович
_4070
801 0 _aRU
_bРГБ
_c20090529
_grcr
801 1 _aRU
_bРГБ
_c20090529
801 2 _aRU
_bNLR
_c20090806
_grcr
830 _aавт. раскрыты в кн.
942 _cBOOK
980 _aNB